Statistics for Most Guessed British Prime Ministers

Click here to take the quiz!

General Stats

  • This quiz has been taken 34 times
  • The average score is 12 of 20

Answer Stats

%termPrime Minister% Correct
931940-1945Winston Churchill
100%
921997-2007Tony Blair
97%
951979-1990Margaret Thatcher
91%
862016-Theresa May
88%
952010-2016David Cameron
85%
832007-2010Gordon Brown
85%
681937-1940Neville Chamberlain
70%
711990-1997John Major
67%
541964-1970Harold Wilson
64%
511945-1951Clement Attlee
58%
511970-1974Edward Heath
58%
551874-1880Benjamin Disraeli
52%
451976-1979James Callaghan
52%
431957-1963Harold Macmillan
48%
501783-1801William Pitt
45%
421955-1957Anthony Eden
39%
541916-1922David Lloyd George
39%
431868-1874William Gladstone
36%
381841-1846Robert Peel
33%
471866-1868Earl of Derby
12%

Score Distribution

Percentile by Number Answered

Percent of People with Each Score

Your Score History

You have not taken this quiz